| 000 | 00869nam a2200229 i 4500 | ||
|---|---|---|---|
| 001 | 52282 | ||
| 003 | ES-MaACL | ||
| 005 | 20250824225840.0 | ||
| 007 | t| | ||
| 008 | 030827s1945 sp ||||1| spa d | ||
| 100 | 1 |
_aCiano, Galeazzo _cConte ( _d1903-1944) _938735 |
|
| 245 | 1 | 0 |
_aAlba de liberación _b: discursos pronunciados por el primer ministro británico, durante el año 1944 / _cWinston S. Churchill ; recopilados por Charles Eade : [traducción del inglés por Juan G. de Luaces]. |
| 250 | _a[1ª ed.]. | ||
| 260 |
_aBarcelona : _b[s.n.], _c1945 ( _fAgustín Núñez) |
||
| 300 |
_a294 p. ; _c22 cm. |
||
| 490 | 1 | _aLos libros de nuestro tiempo | |
| 700 | 1 |
_aEade, Charles. _946430 |
|
| 700 | 1 |
_aLuaces, Juan G. de. _974483 |
|
| 830 | 0 | 4 |
_aLos libros de nuestro tiempo _9181112 |
| 852 |
_aES-MaACL _jB-10450 _bR.22056 |
||
| 999 |
_c52282 _d52282 |
||